Guía del camino francés en la provincia de Lugo / (Record no. 94595)
[ view plain ]
| 000 -LEADER | |
|---|---|
| campo de control de longitud fija | 00575nam a2200169 i 4500 |
| 001 - NÚMERO DE CONTROL | |
| campo de control | 94595 |
| 003 - IDENTIFICADOR DE NÚMERO DE CONTROL | |
| campo de control | ES-MaACL |
| 005 - FECHA Y HORA DE LA ÚLTIMA TRANSACCIÓN | |
| campo de control | 20230906181521.0 |
| 007 - CAMPO FIJO DE DESCRIPCIÓN FÍSICA--INFORMACIÓN GENERAL | |
| campo de control de longitud fija | t| |
| 008 - DATOS DE LONGITUD FIJA--INFORMACIÓN GENERAL | |
| campo de control de longitud fija | 050509s1966 sp ||||1| spa d |
| 100 1# - ENTRADA PRINCIPAL--NOMBRE DE PERSONA | |
| Nombre de persona | Losada Díaz, Amando. |
| 9 (RLIN) | 74268 |
| 245 10 - MENCIÓN DEL TÍTULO | |
| Título | Guía del camino francés en la provincia de Lugo / |
| Mención de responsabilidad, etc. | Amando Losada Díaz, E. Seijas Vázquez. |
| 260 ## - PUBLICACIÓN, DISTRIBUCIÓN, ETC. | |
| Lugar de publicación, distribución, etc. | Madrid : |
| Nombre del editor, distribuidor, etc. | [s.n.], |
| Fecha de publicación, distribución, etc. | 1966 ( |
| Fabricante | Gráf. Condor) |
| 300 ## - DESCRIPCIÓN FÍSICA | |
| Extensión | 211 p., 2 h. con 7 map., : |
| Otras características físicas | 1 map. pleg., il. ; |
| Dimensiones | 19 cm. |
| 700 1# - ENTRADA AGREGADA--NOMBRE PERSONAL | |
| Nombre de persona | Seijas Vázquez, Eduardo. |
| 9 (RLIN) | 105264 |
| 852 ## - LOCALIZACIÓN | |
| Ubicación | ES-MaACL |
| Número de control de estantería | C-30640 |
| Sublocalización o colección | R.60708 |
| Estatus retirado | Estado de pérdida | Estado de daño | No para préstamo | Biblioteca de origen | Biblioteca actual | Ubicación en estantería | Fecha de adquisición | Fuente de adquisición | Total de préstamos | Signatura topográfica completa | Código de barras | Visto por última vez | Precio de reemplazo | Tipo de ítem Koha |
|---|---|---|---|---|---|---|---|---|---|---|---|---|---|---|
| Biblioteca del Ateneo de Madrid | Biblioteca del Ateneo de Madrid | Depósito 2 | 17/01/2008 | C-30640 | 1098794 | 23/02/2023 | 23/02/2023 | Libro impreso |
